000 00556nam a2200181 a 4500
003 PILC
005 20160128131415.0
008 120920s19uu xx 00 eng d
020 _a9780205607433
050 _aBD 41
_b.In58 2011
245 _aAn introduction to philosophy in black and white and color /
_cedited by Jeff McLaughlin.
260 _aUpper Saddle River, NJ :
_bPrentice Hall,
_c2011.
300 _axv, 558 pages :
_billustrations ;
_c26 cm.
500 _aIncludes index.
650 _aPhilosophy.
942 _cBK
_2lcc
_kFOR
999 _c22201
_d22201